Riconosci il calciatore dalla foto - Quiz n°19 - Statistics

Statistiche generali
  • Questo quiz è stato fatto 272 volte
  • Il punteggio medio è 6 su 10
Statistiche sulle risposte
con Immagini Risposta % Corretto
Casemiro
95%
Giovanni Di Lorenzo
84%
Fernando Torres
81%
Ante Rebić
79%
Stefan Radu
63%
Julian Brandt
50%
Riqui Puig
48%
German Pezzella
44%
Takumi Minamino
39%
Shinji Kagawa
37%
Nessun quiz corrispondente trovato
Distribuzione punteggi
Percentuale di utenti per punteggio
Percentile per numero di risposta
I tuoi punteggi nel tempo
Non hai fatto questo quiz